=LDR 00000nam 2200000 4500 =001 INLIS000000000016221 =005 20210607110852 =035 ##$$a 0010-061300000016221 =008 210607################g##########0#ind## =041 ##$$a Ind =082 ##$$a 340.115 =090 ##$$a 340.115, Rij s =100 ##$$a Rijkschroeff, B.R =245 1#$$a Sosiologi, hukum dan sosiologi hukum /$c DR. B.R. Rijkschroeff ; editor, DR. Wila Chandrawila Supriadi, SH =260 ##$$a Bandung :$b Mandar Maju,$c 2001 =300 ##$$a xiv, 266 hlm ; $c 21x14 cm =650 #4$$a Sosiologi Hukum =850 ##$$a NBPNMAT =020 ##$$a 979-538-211-X =084 ##$$a 340.115 RIJ s =250 ##$$a cet.1 =990 ##$$a 20606590 =990 ##$$a 20606587 =990 ##$$a 20606588 =990 ##$$a 0001/BPAP-NTB/2015